000 00558nam a2200229Ia 4500
003 OSt
005 20220924144604.0
006 a|||||r|||| 00| 0
007 ta
008 220923b |||||||| |||| 00| 0 urd d
024 _a316101
037 _cTextual
040 _aARTS
_cARTS
_burd
041 _2urd
_aurd
082 _aO168,1N35,1, L2
100 _aBashar Nawaz
_9217979
245 0 _aRaigaan
260 _c1972
650 _aURDU POETRY
942 _hO168,1N35,1, L2
_cTEXL
_2CC
999 _c457576
_d457576